Anchorwoman /

Bibliographic Details
Main Author: Savitch, Jessica
Format: Book
Language:English
Published: New York : Putnam, [1982]
Subjects:

MARC

Tag First Indicator Second Indicator Subfields
LEADER 00000pam a2200000 a 4500
001 in00000088941
005 20151008063330.0
008 820603s1982 nyu 00010aeng
010 |a  82011268  
020 |a 0399127356 
035 |a (OCoLC)08553309 
035 |9 AAK2030AM 
039 0 |a 2  |b 3  |c 3  |d 3  |e 3 
040 |a DLC  |c DLC  |d TXA  |d UtOrBLW 
043 |a n-us--- 
049 |a TXAM  |c [952765] 
050 0 0 |a PN4874 S297  |b  A32 1982 
082 0 |a 070/.92/4  |a B  |2 19 
100 1 |a Savitch, Jessica. 
245 1 0 |a Anchorwoman /  |c Jessica Savitch. 
264 1 |a New York :  |b Putnam,  |c [1982] 
264 4 |c ©1982 
300 |a 191 pages ;  |c 23 cm. 
336 |a text  |b txt  |2 rdacontent 
337 |a unmediated  |b n  |2 rdamedia 
338 |a volume  |b nc  |2 rdacarrier 
600 1 0 |a Savitch, Jessica. 
650 0 |a Journalists  |z United States  |v Biography. 
999 |a MARS 
999 f f |s 5069cd13-20a6-37db-a939-df8bcb6f9338  |i d31c6b62-80f1-3583-a48d-8e1f16469b50  |t 0 
952 f f |p ric  |a Texas A&M University  |b Rellis Campus  |c Joint Library Facility  |d Remote Storage  |t 0  |e PN4874 S297 A32 1982  |h Library of Congress classification  |i unmediated -- volume  |m A14806489827 
998 f f |a PN4874 S297 A32 1982  |t 0  |l Remote Storage